000 00743nam a2200181 i 4500
001 162977
003 ES-MaACL
005 20230906212636.0
008 050706s1886 fr a | |||||||| ||fre d
040 _aCAM
_bspa
_cCAM
100 1 _aRattel, J.-A.-A.
_9131621
245 1 0 _aDes cornets acoustiques et de leur emploi dans le traitement médical de la surdi-mutité /
_cpar J.-A.-A. Rattel.
260 _aParis :
_bLibrairie J.-B. Baillière et fils,
_c1886 (
_fImprimerie Emile Colin)
300 _a134 p. :
_bil. ;
_c19 cm.
650 4 _aAcústica.
_9135495
650 4 _aSordomudos.
_9136891
852 _aES-MaACL
_jT-650-F-3
_z-- Enc. hol. conservando la rust. original
_z-- Enc. en un vol. facticio
_z.- En cubierta firma de G. Saenz Diez
999 _c162977
_d162977